000 00635nam a2200229Ia 4500
003 OSt
005 20220918110211.0
006 a|||||r|||| 00| 0
007 ta
008 220915b |||||||| |||| 00| 0 eng d
024 _a33373
037 _cReference Collections
040 _aARTS
_cARTS
_beng
041 _2eng
_aeng
082 _aO111k, M1(RR)
245 0 _aConcise encyclopedidia of English literature comp by A C Camley
260 _aNew Delhi
_bAward Pub
_c1981
300 _a132p.
650 _aENGLISH LITERATURE
942 _hO111k, M1(RR)
_cREF
999 _c111559
_d111559